Normal view
MARC view
Entry Topical Term
001 - CONTROL NUMBER
- control field: 1888
003 - CONTROL NUMBER IDENTIFIER
- control field: PK-LaUMT
005 - DATE AND TIME OF LATEST TRANSACTION
- control field: 20240904103427.0
008 - FIXED-LENGTH DATA ELEMENTS
- fixed length control field: 240904|| aca||aabn | a|a d
040 ## - CATALOGING SOURCE
- Original cataloging agency: PK-LaUMT
- Transcribing agency: PK-LaUMT
150 ## - HEADING--TOPICAL TERM
- Topical term or geographic name as entry element: Nutrition therapy
670 ## - SOURCE DATA FOUND
- Source citation: Work cat.: (PK-LaUMT)134990: Trends in nutrition research /, 2006
